L'industrie des metaux non ferreux the non-ferrous metals industry

Gardado en:
Detalles Bibliográficos
Formato: Libro
Idioma:Undetermined
Publicado: Paris OECD 1973
Những chủ đề:
Các nhãn: Engadir etiqueta
Sen Etiquetas, Sexa o primeiro en etiquetar este rexistro!
Thư viện lưu trữ: Trung tâm Học liệu Trường Đại học Cần Thơ
LEADER 00470nam a2200169Ia 4500
001 CTU_99464
008 210402s9999 xx 000 0 und d
082 |a 338.47673 
082 |b I.59 
245 0 |a L'industrie des metaux non ferreux the non-ferrous metals industry 
260 |a Paris 
260 |b OECD 
260 |c 1973 
650 |a Nonferrous metal industries 
650 |x Statistics 
904 |i Truc 
980 |a Trung tâm Học liệu Trường Đại học Cần Thơ